006070000a22001330004500001000600000041000800006082001200014245006300026300001400089505023500103942000700338952011100345999001700456141110 aSPA04aAV 024210aEl mensaje de la cruz / Raquel Boqué de Monsalve, Editor a16 Pág.00a- Cristo crucificado. Durán, Roberto - La deuda del evangelio. Brokkie, Harold J. - Siguiendo a Jesucristo. Foster, George R. - Cómo criar hijos consagrados a Dios. Brooks, Alec D. - Proyecto "Aguas vivas". Pickett, Jaime cBK 001040708AVaFUSBCbFUSBCd2006-10-27l0oAV 0242 p23339r2019-12-12 00:00:00t1w2016-01-26yAVB0C3 c43024d43024